Minecraft Loot: Woodland Mansion - Statistics

General Stats
  • This quiz has been taken 11 times
  • The average score is 15 of 26
Answer Stats
Pool Item Stack Size Weight % Correct
Pool 1(1-3) Golden Apple 1 12%
100%
Pool 2(1-4) Iron Ingot 1-4 5.7%
100%
Pool 1(1-3) Enchanted Golden Apple 1 1.6%
89%
Pool 2(1-4) Gold Ingot 1-4 2.9%
89%
Pool 3(3) Bone 1-8 25%
78%
Pool 1(1-3) Enchanted Book 1 7.9%
78%
Pool 3(3) String 1-8 25%
78%
Pool 1(1-3) Diamond Hoe 1 12%
67%
Pool 3(3) Rotten Flesh 1-8 25%
67%
Pool 4(1) Vex Armor Trim 1 50%
67%
Pool 2(1-4) Wheat 1-4 11%
67%
Pool 2(1-4) Beetroot Seeds 2-4 5.7%
56%
Pool 2(1-4) Bread 1 11%
56%
Pool 3(3) Gunpowder 1-8 25%
56%
Pool 1(1-3) Lead 1 16%
56%
Pool 2(1-4) Melon Seeds 2-4 5.7%
56%
Pool 2(1-4) Pumpkin Seeds 2-4 5.7%
56%
Pool 1(1-3) Chainmail Chestplate 1 7.9%
44%
Pool 1(1-3) Diamond Chestplate 1 3.9%
44%
Pool 1(1-3) Name Tag 1 16%
33%
Pool 2(1-4) Resin Clump 2-4 29%
33%
Pool 2(1-4) Bucket 1 5.7%
22%
Pool 2(1-4) Coal 1-4 8.6%
22%
Pool 1(1-3) Music Disc (13) 1 12%
22%
Pool 1(1-3) Music Disc (cat) 1 12%
22%
Pool 2(1-4) Redstone Dust 1-4 8.6%
22%
No matching quizzes found
Score Distribution
Percent of People with Each Score
Percentile by Number Answered
Your Score History
You have not taken this quiz